000 00477nam a22001691a 4500
020 _a9788181434678
082 _aH100 9
_bKRI/S
100 _aKrishnadutt Paliwala
245 _aSarveshwar Dayal saxena ka rachana karma/
_cby Krishnadutt Paliwala
260 _aNew Delhi:
_bVani,
_c2006.
300 _a259p.
650 _aLiterature Sarveshwar Dayal Saxena Criticism
650 _aPoetry Hindi Criticism
650 _aLiterature Hindi
650 _aLiterature
942 _cBK
999 _c40745
_d40745